<?xml version="1.0" encoding="UTF-8"?>
<record
    xmlns:xsi="http://www.w3.org/2001/XMLSchema-instance"
    xsi:schemaLocation="http://www.loc.gov/MARC21/slim http://www.loc.gov/standards/marcxml/schema/MARC21slim.xsd"
    xmlns="http://www.loc.gov/MARC21/slim">

  <leader>03986namaa22004331i 4500</leader>
  <controlfield tag="003">EG-GICUC</controlfield>
  <controlfield tag="005">20260504152608.0</controlfield>
  <controlfield tag="008">260504s2025    ua a|||frm||| 000 0 eng d</controlfield>
  <datafield tag="040" ind1=" " ind2=" ">
    <subfield code="a">EG-GICUC</subfield>
    <subfield code="b">eng</subfield>
    <subfield code="c">EG-GICUC</subfield>
    <subfield code="d">EG-GICUC</subfield>
    <subfield code="e">rda</subfield>
  </datafield>
  <datafield tag="041" ind1="0" ind2=" ">
    <subfield code="a">eng</subfield>
    <subfield code="b">eng</subfield>
    <subfield code="b">ara</subfield>
  </datafield>
  <datafield tag="049" ind1=" " ind2=" ">
    <subfield code="a">Deposit</subfield>
  </datafield>
  <datafield tag="082" ind1="0" ind2="4">
    <subfield code="a">628.3</subfield>
  </datafield>
  <datafield tag="092" ind1=" " ind2=" ">
    <subfield code="a">628.3</subfield>
    <subfield code="2">21</subfield>
  </datafield>
  <datafield tag="097" ind1=" " ind2=" ">
    <subfield code="a">M.Sc</subfield>
  </datafield>
  <datafield tag="099" ind1=" " ind2=" ">
    <subfield code="a">Cai01.13.04.M.Sc.2025.Ma.E</subfield>
  </datafield>
  <datafield tag="100" ind1="0" ind2=" ">
    <subfield code="a">Marwa Khalaf Mohamed Kamel, </subfield>
    <subfield code="e">preparation.</subfield>
  </datafield>
  <datafield tag="245" ind1="1" ind2="0">
    <subfield code="a">Fabrication and characterization of polymeric membranes from recycled polystyrene for wastewater treatment /</subfield>
    <subfield code="c">by Marwa Khalaf Mohamed Kamel ; Supervisors Prof. Dr. Mai Mohamed Kamal, Prof. Dr. Heba Abdallah Mohamed. </subfield>
  </datafield>
  <datafield tag="246" ind1="1" ind2="5">
    <subfield code="a">&#x62A;&#x635;&#x646;&#x64A;&#x639; &#x648;&#x62A;&#x648;&#x635;&#x64A;&#x641; &#x627;&#x644;&#x627;&#x63A;&#x634;&#x64A;&#x629; &#x627;&#x644;&#x628;&#x644;&#x648;&#x645;&#x631;&#x64A;&#x629; &#x645;&#x646; &#x627;&#x644;&#x628;&#x648;&#x644;&#x633;&#x62A;&#x631;&#x64A;&#x646; &#x627;&#x644;&#x645;&#x639;&#x627;&#x62F; &#x62A;&#x62F;&#x648;&#x64A;&#x631;&#x647; &#x644;&#x645;&#x639;&#x627;&#x644;&#x62C;&#x629; &#x645;&#x64A;&#x627;&#x647; &#x627;&#x644;&#x635;&#x631;&#x641; &#x627;&#x644;&#x635;&#x62D;&#x649; </subfield>
  </datafield>
  <datafield tag="264" ind1=" " ind2="0">
    <subfield code="c">2025.</subfield>
  </datafield>
  <datafield tag="300" ind1=" " ind2=" ">
    <subfield code="a">62 pages : </subfield>
    <subfield code="b">illustrations ;</subfield>
    <subfield code="c">30 cm. + </subfield>
    <subfield code="e">CD.</subfield>
  </datafield>
  <datafield tag="336" ind1=" " ind2=" ">
    <subfield code="a">text</subfield>
    <subfield code="2">rda content</subfield>
  </datafield>
  <datafield tag="337" ind1=" " ind2=" ">
    <subfield code="a">Unmediated</subfield>
    <subfield code="2">rdamedia</subfield>
  </datafield>
  <datafield tag="338" ind1=" " ind2=" ">
    <subfield code="a">volume</subfield>
    <subfield code="2">rdacarrier</subfield>
  </datafield>
  <datafield tag="502" ind1=" " ind2=" ">
    <subfield code="a">Thesis (M.Sc)-Cairo University, 2025.</subfield>
  </datafield>
  <datafield tag="504" ind1=" " ind2=" ">
    <subfield code="a">Bibliography: pages 54-62.</subfield>
  </datafield>
  <datafield tag="520" ind1=" " ind2="3">
    <subfield code="a">In this research, the manufacture of membranes from polystyrene plastic waste was studied. The membranes were manufactured using different proportions of polystyrene using polyvinylidene fluoride multi-wall carbon nanotube polymer to improve the properties and performance of the membrane. The membrane was cast on polypropylene and polyester supports. The results showed that the best membranes were multi-wall carbon nanotube membranes, as they provided the highest separation percentage of hemic acid which reached 97.7% and 99.9%. Meanwhile, the permeate flux was 73.2 LMH and 76.1. The membranes exhibited antifouling behaviour, where FRR was 99.6% and 97.9%. Rr &amp; Rir were 25.2 % and 0.44% respectively. Rr &amp; Rir were 26.9% and 2.3% respectively. Contact angle 79.4&amp;69.6. </subfield>
  </datafield>
  <datafield tag="520" ind1=" " ind2="3">
    <subfield code="a">&#x641;&#x649; &#x647;&#x630;&#x627; &#x627;&#x644;&#x628;&#x62D;&#x62B;&#x60C; &#x62A;&#x645;&#x62A; &#x62F;&#x631;&#x627;&#x633;&#x629; &#x62A;&#x635;&#x646;&#x64A;&#x639; &#x627;&#x644;&#x623;&#x63A;&#x634;&#x64A;&#x629; &#x645;&#x646; &#x646;&#x641;&#x627;&#x64A;&#x627;&#x62A; &#x627;&#x644;&#x628;&#x644;&#x627;&#x633;&#x62A;&#x64A;&#x643; &#x627;&#x644;&#x645;&#x635;&#x646;&#x648;&#x639;&#x629; &#x645;&#x646; &#x627;&#x644;&#x628;&#x648;&#x644;&#x64A;&#x633;&#x62A;&#x631;&#x64A;&#x646;. &#x635;&#x64F;&#x646;&#x639;&#x62A; &#x627;&#x644;&#x623;&#x63A;&#x634;&#x64A;&#x629; &#x628;&#x627;&#x633;&#x62A;&#x62E;&#x62F;&#x627;&#x645; &#x646;&#x633;&#x628; &#x645;&#x62E;&#x62A;&#x644;&#x641;&#x629; &#x645;&#x646; &#x627;&#x644;&#x628;&#x648;&#x644;&#x64A;&#x633;&#x62A;&#x631;&#x64A;&#x646; &#x628;&#x627;&#x633;&#x62A;&#x62E;&#x62F;&#x627;&#x645; &#x628;&#x648;&#x644;&#x64A;&#x645;&#x631; &#x623;&#x646;&#x627;&#x628;&#x64A;&#x628; &#x627;&#x644;&#x643;&#x631;&#x628;&#x648;&#x646; &#x627;&#x644;&#x646;&#x627;&#x646;&#x648;&#x64A;&#x629; &#x645;&#x62A;&#x639;&#x62F;&#x62F;&#x629; &#x627;&#x644;&#x62C;&#x62F;&#x631;&#x627;&#x646; &#x645;&#x646; &#x641;&#x644;&#x648;&#x631;&#x64A;&#x62F; &#x627;&#x644;&#x628;&#x648;&#x644;&#x64A; &#x641;&#x64A;&#x646;&#x64A;&#x644;&#x62F;&#x64A;&#x646; &#x644;&#x62A;&#x62D;&#x633;&#x64A;&#x646; &#x62E;&#x635;&#x627;&#x626;&#x635; &#x648;&#x623;&#x62F;&#x627;&#x621; &#x627;&#x644;&#x63A;&#x634;&#x627;&#x621;. &#x635;&#x64F;&#x628; &#x627;&#x644;&#x63A;&#x634;&#x627;&#x621; &#x639;&#x644;&#x649; &#x62F;&#x639;&#x627;&#x645;&#x627;&#x62A; &#x645;&#x646; &#x627;&#x644;&#x628;&#x648;&#x644;&#x64A; &#x628;&#x631;&#x648;&#x628;&#x64A;&#x644;&#x64A;&#x646; &#x648;&#x627;&#x644;&#x628;&#x648;&#x644;&#x64A;&#x633;&#x62A;&#x631;. &#x623;&#x638;&#x647;&#x631;&#x62A; &#x627;&#x644;&#x646;&#x62A;&#x627;&#x626;&#x62C; &#x623;&#x646; &#x623;&#x641;&#x636;&#x644; &#x627;&#x644;&#x623;&#x63A;&#x634;&#x64A;&#x629; &#x643;&#x627;&#x646;&#x62A; &#x623;&#x63A;&#x634;&#x64A;&#x629; &#x623;&#x646;&#x627;&#x628;&#x64A;&#x628; &#x627;&#x644;&#x643;&#x631;&#x628;&#x648;&#x646; &#x627;&#x644;&#x646;&#x627;&#x646;&#x648;&#x64A;&#x629; &#x645;&#x62A;&#x639;&#x62F;&#x62F;&#x629; &#x627;&#x644;&#x62C;&#x62F;&#x631;&#x627;&#x646;&#x60C; &#x62D;&#x64A;&#x62B; &#x648;&#x641;&#x631;&#x62A; &#x623;&#x639;&#x644;&#x649; &#x646;&#x633;&#x628;&#x629; &#x641;&#x635;&#x644; &#x644;&#x62D;&#x627;&#x645;&#x636; &#x627;&#x644;&#x647;&#x64A;&#x645;&#x643; &#x648;&#x627;&#x644;&#x62A;&#x64A; &#x648;&#x635;&#x644;&#x62A; &#x625;&#x644;&#x649; 97.7&#x66A; &#x648; 99.9&#x66A;. &#x641;&#x64A; &#x627;&#x644;&#x648;&#x642;&#x62A; &#x646;&#x641;&#x633;&#x647;&#x60C; &#x628;&#x644;&#x63A; &#x62A;&#x62F;&#x641;&#x642; &#x627;&#x644;&#x646;&#x641;&#x627;&#x630;&#x64A;&#x629; 73.2&#x648;76.1 &#x644;/&#x645;2 . &#x633;. &#x623;&#x638;&#x647;&#x631;&#x62A; &#x627;&#x644;&#x623;&#x63A;&#x634;&#x64A;&#x629; &#x633;&#x644;&#x648;&#x643;&#x64B;&#x627; &#x645;&#x636;&#x627;&#x62F;&#x64B;&#x627; &#x644;&#x644;&#x62D;&#x634;&#x641;&#x60C; &#x62D;&#x64A;&#x62B; &#x628;&#x644;&#x63A;&#x62A; &#x646;&#x633;&#x628;&#x629; &#x627;&#x633;&#x62A;&#x631;&#x62F;&#x627;&#x62F; &#x627;&#x644;&#x62A;&#x62F;&#x641;&#x642; 99.6&#x66A; &#x648; 97.9&#x66A;. &#x643;&#x627;&#x646; &#x646;&#x633;&#x628;&#x629; &#x627;&#x644;&#x62A;&#x644;&#x648;&#x62B; &#x627;&#x644;&#x639;&#x643;&#x633;&#x649; &#x648;&#x646;&#x633;&#x628;&#x629; &#x627;&#x644;&#x62A;&#x644;&#x648;&#x62B; &#x627;&#x644;&#x63A;&#x64A;&#x631; &#x639;&#x643;&#x633;&#x649; 25.2&#x66A; &#x648; 0.44&#x66A; &#x639;&#x644;&#x649; &#x627;&#x644;&#x62A;&#x648;&#x627;&#x644;&#x64A;. &#x643;&#x627;&#x646; &#x646;&#x633;&#x628;&#x629; &#x627;&#x644;&#x62A;&#x644;&#x648;&#x62B; &#x627;&#x644;&#x639;&#x643;&#x633;&#x649; &#x648;&#x646;&#x633;&#x628;&#x629; &#x627;&#x644;&#x62A;&#x644;&#x648;&#x62B; &#x627;&#x644;&#x63A;&#x64A;&#x631; &#x639;&#x643;&#x633;&#x649; 26.9&#x66A; &#x648; 2.3&#x66A; &#x639;&#x644;&#x649; &#x627;&#x644;&#x62A;&#x648;&#x627;&#x644;&#x64A;. &#x632;&#x627;&#x648;&#x64A;&#x629; &#x627;&#x644;&#x62A;&#x644;&#x627;&#x645;&#x633;&#xB0; 79.4 &#x648; &#xB0;69.6.</subfield>
  </datafield>
  <datafield tag="530" ind1=" " ind2=" ">
    <subfield code="a">Issues also as CD.</subfield>
  </datafield>
  <datafield tag="546" ind1=" " ind2=" ">
    <subfield code="a">Text in English and abstract in Arabic &amp; English.</subfield>
  </datafield>
  <datafield tag="650" ind1=" " ind2="0">
    <subfield code="a">Wastewater treatment</subfield>
  </datafield>
  <datafield tag="650" ind1=" " ind2="0">
    <subfield code="a">&#x645;&#x639;&#x627;&#x644;&#x62C;&#x629; &#x645;&#x64A;&#x627;&#x647; &#x627;&#x644;&#x635;&#x631;&#x641; &#x627;&#x644;&#x635;&#x62D;&#x649;</subfield>
  </datafield>
  <datafield tag="653" ind1=" " ind2="1">
    <subfield code="a">Polystyrene</subfield>
    <subfield code="a">Wastewater</subfield>
    <subfield code="a">Membrane</subfield>
    <subfield code="a">Multiwall carbon nanotube</subfield>
    <subfield code="a">Plastic </subfield>
    <subfield code="a">&#x628;&#x648;&#x644;&#x649; &#x627;&#x633;&#x62A;&#x64A;&#x631;&#x64A;&#x646;</subfield>
    <subfield code="a">&#x645;&#x648;&#x627;&#x62F; &#x646;&#x627;&#x646;&#x648;&#x645;&#x62A;&#x631;&#x64A;&#x629;</subfield>
  </datafield>
  <datafield tag="700" ind1="0" ind2=" ">
    <subfield code="a">Mai Mohamed Kamal</subfield>
    <subfield code="e">thesis advisor.</subfield>
  </datafield>
  <datafield tag="700" ind1="0" ind2=" ">
    <subfield code="a">Heba Abdallah Mohamed</subfield>
    <subfield code="e">thesis advisor.</subfield>
  </datafield>
  <datafield tag="900" ind1=" " ind2=" ">
    <subfield code="b">01-01-2025</subfield>
    <subfield code="c">Mai Mohamed Kamal</subfield>
    <subfield code="c">Heba Abdallah Mohamed</subfield>
    <subfield code="d">Reem Sayed Mohamed Ettouney</subfield>
    <subfield code="U">Cairo University</subfield>
    <subfield code="F">Faculty of Engineering</subfield>
    <subfield code="D">Department of Chemical Engineering </subfield>
  </datafield>
  <datafield tag="905" ind1=" " ind2=" ">
    <subfield code="a">Shimaa</subfield>
  </datafield>
  <datafield tag="942" ind1=" " ind2=" ">
    <subfield code="2">ddc</subfield>
    <subfield code="c">TH</subfield>
    <subfield code="e">21</subfield>
    <subfield code="n">0</subfield>
  </datafield>
  <datafield tag="999" ind1=" " ind2=" ">
    <subfield code="c">179966</subfield>
  </datafield>
  <datafield tag="952" ind1=" " ind2=" ">
    <subfield code="2">ddc</subfield>
    <subfield code="9">317705</subfield>
    <subfield code="a">CUCL</subfield>
    <subfield code="b">cl210</subfield>
    <subfield code="d">2026-05-04</subfield>
    <subfield code="i">93973</subfield>
    <subfield code="o">Cai01.13.04.M.Sc.2025.Ma.E</subfield>
    <subfield code="p">01010110093973000</subfield>
    <subfield code="r">2026-05-04 14:26:29</subfield>
    <subfield code="w">2026-05-04</subfield>
    <subfield code="y">TH</subfield>
  </datafield>
</record>
